Urban villager : (Record no. 6655)

MARC details
000 -LEADER
fixed length control field 01355cam a2200277 4500
001 - CONTROL NUMBER
control field 7756
005 - DATE AND TIME OF LATEST TRANSACTION
control field 20181127184309.0
008 - FIXED-LENGTH DATA ELEMENTS--GENERAL INFORMATION
fixed length control field 130813s2013 ii ab b 000 0 eng
010 ## - LIBRARY OF CONGRESS CONTROL NUMBER
LC control number 2013031161
020 ## - INTERNATIONAL STANDARD BOOK NUMBER
International Standard Book Number 9788132113096 (hardback : alk. paper)
082 00 - DEWEY DECIMAL CLASSIFICATION NUMBER
Classification number 307.76/80954/2
Edition number 23
100 1# - MAIN ENTRY--PERSONAL NAME
Personal name Vasudevan, Vandana.
245 10 - TITLE STATEMENT
Title Urban villager :
Remainder of title life in an Indian satellite town /
Statement of responsibility, etc. Vandana Vasudevan.
264 #1 - PRODUCTION, PUBLICATION, DISTRIBUTION, MANUFACTURE, AND COPYRIGHT NOTICE
Place of production, publication, distribution, manufacture New Delhi :
Name of producer, publisher, distributor, manufacturer SAGE,
Date of production, publication, distribution, manufacture, or copyright notice [2013]
300 ## - PHYSICAL DESCRIPTION
Extent x, 278 pages ;
Other physical details illustrations, maps:
Dimensions 23 cm
336 ## - CONTENT TYPE
Content type term text
Source rdacontent
337 ## - MEDIA TYPE
Media type term unmediated
Source rdamedia
338 ## - CARRIER TYPE
Carrier type term volume
Source rdacarrier
504 ## - BIBLIOGRAPHY, ETC. NOTE
Bibliography, etc. note Includes bibliographical references.
505 ## - FORMATTED CONTENTS NOTE
Formatted contents note Part 1. Whose land is it anyway? -- part 2. The impact of acquisition -- part 3. New owners of an old land -- part 4. The schizophrenia of the peri-urban town -- part 5. Growth pangs of young towns.
Miscellaneous information
Statement of responsibility
Title
520 ## - SUMMARY, ETC.
Summary, etc. Presents a detailed representation of the life of an 'urban villager' in a modern satellite town of India. This title describes how Delhi, as a city, is growing radially, stretching its way into the rural fringes of Haryana and Uttar Pradesh that border the city to form the National Capital Region.
650 #0 - SUBJECT ADDED ENTRY--TOPICAL TERM
Topical term or geographic name entry element Country life
Geographic subdivision India
-- Noida.
Topical term or geographic name entry element New towns
Geographic subdivision India
-- Noida.
Topical term or geographic name entry element Urbanization
Geographic subdivision India
-- Noida.
651 #0 - SUBJECT ADDED ENTRY--GEOGRAPHIC NAME
Geographic name Noida (India)
Holdings
Withdrawn status Lost status Source of classification or shelving scheme Damaged status Not for loan Collection code Home library Current library Shelving location Date acquired Serial Enumeration / chronology Inventory number Total Checkouts Total Renewals Full call number Barcode Date last seen Date last checked out Price effective from Koha item type
    Dewey Decimal Classification     Main TEST RTC Library RTC Library Main opac 01/08/2024 11705 3 4 307.76 VAS 30012266 19/11/2024 16/11/2024 27/11/2018 Main
Royal Thimphu College || All Right Reserved